LEADER 01271nam0-2200325---450 001 990005766000203316 005 20190403125027.0 035 $a000576600 035 $aUSA01000576600 035 $a(ALEPH)000576600USA01 035 $a000576600 100 $a20080514e19871815|||y0itaa50------ba 101 $aeng 102 $afr 200 1 $a<> critical history of the Celtic religion and learning [microforma], containing an account of the druids ...$fby John Toland, M.A. With the history of Abaris, the Hyperborian, priest of the sun. To which is added an abstract of the life of the author 205 $a[Paris : BnF$b1987] 210 $a1 microfilm 215 $aRiprod. dell'ed.: London: published by Lackington, Hughes, Harding, and Co., and sold by the principal booksellers, [c. 1815]. 700 1$aTOLAND,$bJohn$05790 801 0$aIT$bSA$c20111219 912 $a990005766000203316 950 0$aDipar.to di Filosofia - Salerno$dDFMICR A 87$e2664 FIL 951 $aMICR A 87$b2664 FIL 959 $aBK 969 $aFIL 979 $c20121027$lUSA01$h1526 979 $c20121027$lUSA01$h1615 996 $aCritical history of the Celtic religion and learning , containing an account of the druids ..$91082252 997 $aUNISA NUM $aSA0025813 LEADER 04803nam 22008415 450 001 996466192603316 005 20200629175953.0 010 $a3-642-33876-3 024 7 $a10.1007/978-3-642-33876-2 035 $a(CKB)3400000000086258 035 $a(SSID)ssj0000767539 035 $a(PQKBManifestationID)11513403 035 $a(PQKBTitleCode)TC0000767539 035 $a(PQKBWorkID)10741672 035 $a(PQKB)10873253 035 $a(DE-He213)978-3-642-33876-2 035 $a(MiAaPQ)EBC3069922 035 $a(PPN)168325624 035 $a(EXLCZ)993400000000086258 100 $a20120913d2012 u| 0 101 0 $aeng 135 $aurnn#008mamaa 181 $ctxt 182 $cc 183 $acr 200 10$aKnowledge Engineering and Knowledge Management$b[electronic resource] $e18th International Conference, EKAW 2012, Galway City, Ireland, October 8-12, 2012, Proceedings /$fedited by Annette ten Teije, Johanna Völker, Siegfried Handschuh, Heiner Stuckenschmidt, Mathieu d'Acquin, Andriy Nikolov, Nathalie Aussenac-Gilles, Nathalie Hernandez 205 $a1st ed. 2012. 210 1$aBerlin, Heidelberg :$cSpringer Berlin Heidelberg :$cImprint: Springer,$d2012. 215 $a1 online resource (XVIII, 452 p. 102 illus.) 225 1 $aLecture Notes in Artificial Intelligence ;$v7603 300 $aInternational conference proceedings. 311 $a3-642-33875-5 320 $aIncludes bibliographical references and index. 327 $aknowledge extraction and enrichment -- natural language processing -- linked data -- ontology engineering and evaluation -- social and cognitive aspects of knowledge representation -- application of knowledge engineering.- demonstrations. 330 $aThis book constitutes the refereed proceedings of the 18th International Conference on Knowledge Engineering and Knowledge Management, EKAW 2012, held in Galway City, Ireland, in October 2012. The 44 revised full papers were carefully reviewed and selected from 107 submissions. The papers are organized in topical sections on knowledge extraction and enrichment, natural language processing, linked data, ontology engineering and evaluation, social and cognitive aspects of knowledge representation, application of knowledge engineering, and demonstrations. 410 0$aLecture Notes in Artificial Intelligence ;$v7603 606 $aArtificial intelligence 606 $aApplication software 606 $aInformation storage and retrieval 606 $aComputer communication systems 606 $aSoftware engineering 606 $aArtificial Intelligence$3https://scigraph.springernature.com/ontologies/product-market-codes/I21000 606 $aInformation Systems Applications (incl. Internet)$3https://scigraph.springernature.com/ontologies/product-market-codes/I18040 606 $aInformation Storage and Retrieval$3https://scigraph.springernature.com/ontologies/product-market-codes/I18032 606 $aComputer Appl. in Administrative Data Processing$3https://scigraph.springernature.com/ontologies/product-market-codes/I2301X 606 $aComputer Communication Networks$3https://scigraph.springernature.com/ontologies/product-market-codes/I13022 606 $aSoftware Engineering$3https://scigraph.springernature.com/ontologies/product-market-codes/I14029 608 $aConference proceedings.$2fast 615 0$aArtificial intelligence. 615 0$aApplication software. 615 0$aInformation storage and retrieval. 615 0$aComputer communication systems. 615 0$aSoftware engineering. 615 14$aArtificial Intelligence. 615 24$aInformation Systems Applications (incl. Internet). 615 24$aInformation Storage and Retrieval. 615 24$aComputer Appl. in Administrative Data Processing. 615 24$aComputer Communication Networks. 615 24$aSoftware Engineering. 676 $a006.3/31 702 $aten Teije$b Annette$4edt$4http://id.loc.gov/vocabulary/relators/edt 702 $aVölker$b Johanna$4edt$4http://id.loc.gov/vocabulary/relators/edt 702 $aHandschuh$b Siegfried$4edt$4http://id.loc.gov/vocabulary/relators/edt 702 $aStuckenschmidt$b Heiner$4edt$4http://id.loc.gov/vocabulary/relators/edt 702 $ad'Acquin$b Mathieu$4edt$4http://id.loc.gov/vocabulary/relators/edt 702 $aNikolov$b Andriy$4edt$4http://id.loc.gov/vocabulary/relators/edt 702 $aAussenac-Gilles$b Nathalie$4edt$4http://id.loc.gov/vocabulary/relators/edt 702 $aHernandez$b Nathalie$4edt$4http://id.loc.gov/vocabulary/relators/edt 712 12$aEuropean Knowledge Acquisition Workshop 906 $aBOOK 912 $a996466192603316 996 $aKnowledge engineering and knowledge management$91933916 997 $aUNISA LEADER 01395nam a22002891i 4500 001 991000809399707536 005 20040202155255.0 008 040220s1972 it |||||||||||||||||ita 035 $ab12673638-39ule_inst 035 $aARCHE-067197$9ExL 040 $aDip.to Scienze pedagogiche$bita$cA.t.i. Arché s.c.r.l. Pandora Sicilia s.r.l. 082 04$a331.7 245 00$aImpiegati '72 :$bdelegati e consigli di fabbrica studiano condizioni e organizzazione del lavoro degli impiegati metalmeccanici : l'organizzazione sindacale discute il problema del rapporto operai-impiegati nella costruzione dell'unità di classe /$c[Fim, Fiom, Uilm] 260 $aRoma :$bLa tipografica,$c1972 300 $a286 p. ;$c23 cm 440 0$aQuaderni di Unita operaia 500 $aIl nome dell'A. in cop 650 4$aAziende metallurgiche$xImpiegati$y1979-1972$xInchieste 710 2 $aFederazione italiana metalmeccanici 710 2 $aFederazione impiegati operai metallurgici$eauthor$4http://id.loc.gov/vocabulary/relators/aut$0264059 710 2 $aUnione italiana lavoratori metalmeccanici 907 $a.b12673638$b02-04-14$c17-03-04 912 $a991000809399707536 945 $aLE022 MPs-S 120 A 10$g1$i2022000177917$lle022$o-$pE0.00$q-$rl$s- $t0$u0$v0$w0$x0$y.i13182894$z17-03-04 996 $aImpiegati '72$91447057 997 $aUNISALENTO 998 $ale022$b17-03-04$cm$da $e-$fita$git $h0$i1 LEADER 01317nam0 22002651i 450 001 UON00022077 005 20231205102023.115 100 $a20020107d1921 |0itac50 ba 101 $aeng 102 $aUS 105 $a|||| 1|||| 200 1 $aˆA ‰diplomat in Japan$eThe inner story of the critical years in the evolution of Japan when the ports were opened and the monarchy restored, recorder ed by a diplomatist who took an active part in the events of the time, with an account of his personal experiences during that period$fErnest Satow 210 $aPhiladelphia$cJ.B. Lippincot Co.$d1921 215 $a427 p., p. di tav.,$cill.$d24 cm 606 $aRELAZIONI INTERNAZIONALI$xGiappone/Gran Bretagna$xSec. 19.$xFonti diplomatiche$3UONC017621$2FI 620 $aUS$dPhiladelphia$3UONL000152 686 $aGIA IV B$cGIAPPONE - STORIA MODERNA E CONTEMPORANEA$2A 700 1$aSATOW$bErnest$3UONV032763$0506965 712 $aLippincott & Co.$3UONV249328$4650 801 $aIT$bSOL$c20240220$gRICA 899 $aSIBA - SISTEMA BIBLIOTECARIO DI ATENEO$2UONSI 912 $aUON00022077 950 $aSIBA - SISTEMA BIBLIOTECARIO DI ATENEO$dSI GIA IV B 015 $eSI YAM540 5 015 996 $aDiplomat in Japan$91145170 997 $aUNIOR